Sam Moore
Durham A
Categories
Science - Chemistry | 0 | 7 | 0 | 0 | 70 | 64 | 86.57 | 2 | 5 |
Social Science | 0 | 6 | 1 | 0 | 55 | 54 | 74.17 | 2 | 5 |
Science - Other Science | 0 | 5 | 0 | 0 | 50 | 64 | 76.00 | 1 | 4 |
Science - Biology | 0 | 4 | 1 | 0 | 35 | 65 | 86.25 | 0 | 1 |
Science - Physics | 0 | 3 | 0 | 0 | 30 | 61 | 81.33 | 1 | 2 |
Philosophy | 0 | 2 | 0 | 1 | 20 | 96 | 113.50 | 0 | 0 |
Other | 0 | 2 | 0 | 0 | 20 | 20 | 52.50 | 1 | 1 |
Literature - European Literature | 0 | 1 | 0 | 0 | 10 | 95 | 95.00 | 0 | 0 |
History - American History | 0 | 1 | 0 | 0 | 10 | 112 | 112.00 | 1 | 1 |
Literature - American Literature | 0 | 1 | 1 | 0 | 5 | 73 | 73.00 | 1 | 1 |
Fine Arts - Other Fine Arts | 0 | 0 | 0 | 0 | 0 | 0.00 | 0 | 0 |